Word Ladder: Bob Ross Quiz Stats

 Plays Quiz Updated Mar 26, 2019

Score 0/32 Timer 04:00
3 Plays Today
Hint Word % Correct
Without payment or costFREE
98.8%
Vehicle used on waterBOAT
97.5%
Appendages located at the bottom of your legsFEET
97.4%
Worry or be anxiousFRET
96.5%
Accomplishment of great strengthFEAT
95.6%
What you do to get 'the devil out of it'🎨 BEAT 🎨
94.8%
Stop sleepingWAKE
93%
Writing utensils or pig enclosuresPENS
92.9%
CreaseFOLD
90.6%
Cooking toolsPANS
90.1%
Young male horseCOLT
89.7%
Episode: 'Wayside ____' or a small body of water🎨 POND 🎨
89.6%
2008 Disney filmBOLT
89.3%
Having an affection or liking forFOND
89.2%
Episode: 'A ____ Spring Day' or OutKast's 'cooler than cool'🎨 COLD 🎨
89.2%
Companion of 'Bed' and 'Beyond'BATH
89.1%
Hint Word % Correct
Episode: '____ in the Valley' (e.g. Superior, Titicaca, Victoria)🎨 LAKE 🎨
88.4%
Sajaks or BenatarsPATS
87.7%
Episode: 'Back-country ____' or a walkway🎨 PATH 🎨
87.7%
Narrow roadLANE
86.9%
Good that is for saleWARE
86.7%
To depend, to hangPEND
86.7%
'I don't paint [these, singular] often, but when I do, they're happy'🎨 TREE 🎨
86.3%
Episode: '____ Summer Day' or high-ish temperature🎨 WARM 🎨
85.8%
Curled hairstylePERM
85.4%
Italian-American dish: 'Chicken ____'PARM
83.8%
Lowest part of a structureBASE
83.3%
Batman's back breaker?BANE
82.6%
Strike hard and violentlyBASH
81.3%
Bob's signature hairstyle🎨 AFRO 🎨
80.8%
Prefix relating to aviationAERO
80.1%
'But' in SpanishPERO
77.7%

Today's Daily Dose

Missing Word
Celine Dion

Word Ladder
Dr. Seuss Books

Quick Pick
Cities in India

Get the Picture
'A' Actresses

You're not logged in!

Compare scores with friends on all Sporcle quizzes.
OR
Log In

Sporcle TV

Today on Sporcle TV


Watch our educational content, quiz creation guides, and fun videos on Sporcle TV.

Show Comments

Extras

Top Quizzes Today


Score Distribution

Your Account Isn't Verified!

In order to create a playlist on Sporcle, you need to verify the email address you used during registration. Go to your Sporcle Settings to finish the process.

Report this User

Report this user for behavior that violates our Community Guidelines.

Details: